• 首页
  • 本馆介绍
  • 公告通知
  • 最新文献
  • 馆藏检索
  • 电子资源
  • 读者导购
  • 参考咨询
  • 我的图书馆
  • 登录
  • 详细信息显示
  • 放入我的书架
  • 预约/预借图书
  • 作者相关作品
  • 分类相关作品
  • 丛书相关作品
  • 出版社相关作品

书目信息

  • 表格格式
  • 工作单格式
  • 卡片格式
题名:
无约束最优化计算方法
    
 
作者: 邓乃扬 著
分册:  
出版信息: 北京   科学出版社  1982
页数: 314页
开本: 21cm
丛书名: 计算方法丛书
单 册:
中图分类: O242.23
科图分类:
主题词: 约束问题-最优化算法 , 最优化算法-约束问题
电子资源:
ISBN:
000 00726nam2 2200265 45
001 0182001151
005 20060927151444.20
010    @dCNY1.90
091    @a13031.2106
100    @a19950313d1982 em y0chiy0121 ea
101 0  @achi
102    @aCN@b110000
105    @ay z 000yy
200 10 @a无约束最优化计算方法@Awu yue shu zui you hua ji suan fang fa@f邓乃扬等著
210    @a北京@c科学出版社@d1982
215    @a314页@d21cm
225 2  @a计算方法丛书
410  0 @120010@a计算方法丛书
606    @a约束问题-最优化算法
606    @a最优化算法-约束问题
690    @aO242.23@v3
701  0 @a邓乃扬@Adeng nai yang@4著
801  0 @aCN@bTSSF@c20060927
801  2 @aCN@bNLC@c20060726
905    @a10447@dO242.23@e23
    
    无约束最优化计算方法/邓乃扬等著.-北京:科学出版社,1982
    314页;21cm.-(计算方法丛书)
    
    
    ISBN :CNY1.90
    
●
相关链接 在E读中查询图书 在五车中查询图书 在当当中查询图书 在豆瓣中查询图书


正题名:无约束最优化计算方法     索取号:O242.23/23         预约/预借

序号 登录号 条形码 馆藏地/架位号 状态 备注
1 0422173   204221733   第二样本阅览室/ [索取号:O242.23/23] 在馆    
2 0431805   204318050   密集书库/ [索取号:O242.23/23] 在馆    
唐山师范学院图书馆 欢迎您!
大连网信软件有限公司© 版权所有